Hrvy songs by emojis - Statistics

General Stats
  • This quiz has been taken 9 times
  • The average score is 4 of 10
Answer Stats
Picture Answer % Correct
Be okay
89%
Heartbroken
67%
Holiday
67%
Younger
56%
High
44%
Talk to ya
44%
Party in my head
33%
I wish you were here
22%
Nevermind
22%
Don’t need your love
0%
No matching quizzes found
Score Distribution
Percent of People with Each Score
Percentile by Number Answered
Your Score History
You have not taken this quiz